Countries & Capitals Ending With the Same Letter (with Exceptions) - Statistics

General Stats
  • This quiz has been taken 40 times
  • The average score is 12 of 28
Answer Stats
Hint Answer % Correct
G Luxembourg
86%
Luxembourg
86%
O Monaco
76%
Monaco
76%
Y Vatican City
59%
Vatican City
59%
I Djibouti
55%
Djibouti
55%
O San Marino
55%
San Marino
55%
E Singapore
55%
Singapore
55%
N Iran
45%
Tehran
45%
E Zimbabwe
45%
R El Salvador
41%
San Salvador
41%
Harare
38%
Bissau
34%
U Guinea-Bissau
34%
São Tomé
34%
E São Tomé & Princípe
34%
N Jordan
28%
Amman
24%
E Liberia
0%
E Malta
0%
Monrovia
0%
Valletta
0%
No matching quizzes found
Score Distribution
Percent of People with Each Score
Percentile by Number Answered
Your Score History
You have not taken this quiz